Datum a čas kvízu
33.5
Celkem bodů
Celkový počet nahraných bodů na tomto kvízu bez doplňovacích otázek.
9.
Pořadí na kvízu
Konečné umístění týmu na tomto kvízu.
Zaznamenané odpovědi
| # | Otázka | Odpověď | Body | Výsledky |
|---|---|---|---|---|
| 1. | Na prvního Máje se konal jubil... | za porušení nočního klidu | 0 | |
| 2. | U pobřeží kterého severoitalsk... | u Terstu | 1 | |
| 3. | Která fiktivní česká loutková... | Hurvínek | 1 | |
| 4. | Který stát překvapivě a bez ko... | B | 0 | |
| 5. | Jannik Sinner v neděli přepsal... | A | 0 | |
| 6. | Ve filmu Sedm sledujeme detekt... | obžerství | 1 | |
| 7. | Tato fotka je známým interneto... | Americké psycho | 1 | |
| 8. | Postava Karla Kopfrkingla je p... | chrám smrti | 0 | |
| 9. | Přiřaďte zločince k jejich fil... | 1B 2C 3A 4D | 1 | |
| 10. | Mladý syn se poprvé přímo zapo... | Kmotr, Mario Puzo | 1 |